000 00406pab a2200145 454500
008 180718b1998 xxu||||| |||| 00| 0 eng d
100 _aPadayachee, Vishnu
245 _aLess ideology, more common sense: financial globalisation and the currency crisis
260 _c1998
300 _ap.2929-932
362 _a14 Nov
650 _aCurrencies
773 _aEconomic and Political Weekly
909 _a39339
999 _c39339
_d39339